|
|
|
|
| LEADER |
00781nam a22002172a 4500 |
| 001 |
001892995 |
| 003 |
CZ BrMZK |
| 005 |
20240419115757.0 |
| 007 |
ta |
| 008 |
240419s1945 be er|||||||||||fre d |
| 040 |
|
|
|a BOA001
|b cze
|e aacr2
|
| 245 |
0 |
3 |
|a La terre n'est pas une vallée de larmes /
|c Noël Arnaud ... [et al.] ; collection publiée sous la direction de Marcel Mariën
|
| 260 |
|
|
|a Bruxelles :
|b La Boétie,
|c [1945]
|
| 300 |
|
|
|a 60 s., obr. příl. :
|b il.
|
| 500 |
|
|
|a Výtisk č. 1123
|
| 700 |
1 |
|
|a Arnaud, Noël,
|d 1919-2003
|7 jn20020306006
|4 aut
|
| 700 |
1 |
|
|a Mariën, Marcel,
|d 1920-1993
|7 jn19990005402
|4 edt
|
| 910 |
|
|
|a BOA001
|b 2-0199.164
|
| 990 |
|
|
|a BK
|
| 991 |
|
|
|b 202404
|
| 996 |
7 |
|
|b 2618765981
|c 2-0199.164
|l MZK
|r Sklad / do 24 hodin
|n 0
|w 001961378
|u 000010
|a 1
|e BOA001
|j MZK50
|s A
|